000 00472nam a2200193Ia 4500
005 20240823031210.0
008 240823s9999||||xx |||||||||||||| ||und||
020 _a978-930-618-630
041 _aENGLISH
082 _A519.2 Q1
100 _aSingh J P
245 0 _aProbability and Numerical Methods
250 _a2nd
260 _c2011
_b"Ane Books,New "
_aNew Delhi
500 _aYES
650 _aNumerical Methods
_bMathematics
942 _cBK
999 _c190503
_d190503